Tài liệu tập huấn cán bộ quản lí và giáo viên trung học phổ thông về kĩ thuật xây dựng ma trận đề và biên soạn câu hỏi trắc nghiệm khách quan môn lịch sử, lớp 10,11 Lưu hành nội bộ

Saved in:
Bibliographic Details
Format: Book
Language:Vietnamese
Published: Hà Nội 2017
Subjects:
Tags: Add Tag
No Tags, Be the first to tag this record!
Institutions: Trung tâm Học liệu Lê Vũ Hùng, Trường Đại học Đồng Tháp
LEADER 01268pam a22003498a 4500
001 00039995
005 20171026081025.0
008 170830s2017 ||||||viesd
041 0 # |a vie 
082 1 4 |a 907  |b T103L 
245 1 0 |a Tài liệu tập huấn cán bộ quản lí và giáo viên trung học phổ thông về kĩ thuật xây dựng ma trận đề và biên soạn câu hỏi trắc nghiệm khách quan môn lịch sử, lớp 10,11  |b Lưu hành nội bộ 
260 # # |a Hà Nội  |c 2017 
300 # # |a 91 tr.  |c 28 cm. 
500 # # |a Đầu bìa sách ghi: Bộ Giáo dục và đào tạo 
653 # # |a Giáo dục 
653 # # |a Cán bộ 
653 # # |a Giáo viên 
653 # # |a Đề thi 
653 # # |a Trắc nghiệm 
653 # # |a Trung học phổ thông 
653 # # |a Lịch sử 
852 # # |j KM.0023108, KM.0023109, KM.0023110, KM.0023111  |b Kho mượn 
852 # # |j KD.0022321  |j KM.0023108  |j KM.0023109  |j KM.0023111  |j KM.0023110 
852 # # |b Kho đọc  |j KD.0022321 
910 |d 30/08/2017 
980 # # |a Trung tâm Học liệu Lê Vũ Hùng, Trường Đại học Đồng Tháp